| 000 | 00851nam a22002655a 4500 | ||
|---|---|---|---|
| 005 | 20151209111224.0 | ||
| 008 | 150830r20142012ii a fr 001 0 eng d | ||
| 020 | _a9350143100 | ||
| 020 | _a9789350143100 | ||
| 040 |
_aEG-ScBUE _beng _cEG-ScBUE |
||
| 082 | 0 | 4 |
_222 _a006.7 _bSHA |
| 100 | 1 |
_aSharma, Pankaj _938882 |
|
| 245 | 1 | 0 |
_aWeb engineering / _cPankaj Sharma. |
| 250 | _a1st ed., Reprint ed. | ||
| 260 |
_aNew Delhi : _bS. K. Kataria & Sons, _c2014. |
||
| 300 |
_a338 p. : _bill. ; _c24 cm. |
||
| 500 | _aIndex : p. 335-338. | ||
| 500 | _aReprinted of the 2012 ed. | ||
| 650 | 7 |
_2BUEsh _aSoftware engineering. _93832 |
|
| 650 | 7 |
_aApplication software _xDevelopment. _2BUEsh _94599 |
|
| 650 | 7 |
_aWeb site development. _911303 |
|
| 650 | 7 |
_aEngineering models. _97689 |
|
| 653 |
_bCOMSCI _cAugust2015 _cDecember2015 |
||
| 942 |
_2ddc _k006.7 SHA |
||
| 999 |
_c20744 _d20716 |
||